Statistiques concernant Formes des pays méditerranéens

Cliquez ici pour prendre le quiz!

Statistiques générales

  • Ce quiz a été pris 10 460 fois
  • Le résultat moyen est 16 sur 21

Statistiques - réponses

Réponse% Correct
Espagne
99%
France
98%
Italie
96%
Grèce
93%
Égypte
92%
Turquie
91%
Maroc
89%
Croatie
88%
Chypre
86%
Algérie
79%
Israël
78%
Libye
78%
Tunisie
69%
Malte
64%
Albanie
60%
Bosnie-Herzégovine
60%
Monaco
59%
Liban
54%
Syrie
54%
Monténégro
47%
Slovénie
43%

Distribution des résultats

Percentile par nombre de réponses

% des personnes avec chaque résultat

Votre développement - résultats

Vous n’avez pas pris ce quiz